| 000 | 02864aam a2200361 i 4500 | ||
|---|---|---|---|
| 001 | 8101157 | ||
| 003 | CaAEU | ||
| 005 | 20250319101617.0 | ||
| 008 | 170929t20172017nyua 001 0ceng d | ||
| 010 | _a 2017446089 | ||
| 020 | _a9781465463289 | ||
| 020 | _a1465463283 | ||
| 020 | _a024122618X | ||
| 020 | _a9780241226186 | ||
| 035 | _aocn973806364 | ||
| 040 |
_aYDX _beng _erda _cYDX _dDLC _dNLE _dORX _dB@L _dGK8 _dCHILD _dOCLCF _dIMD _dOCL _dUAB _dAEU _dAEVC |
||
| 042 | _alccopycat | ||
| 050 | 0 | 0 |
_aN40 _b.A83 2017 |
| 090 |
_a709.22 ART _bAEVC |
||
| 090 |
_aN 40 A83 2017 folio _bAEU |
||
| 130 | 0 | _aArtists (DK Publishing, Inc.) | |
| 245 | 1 | 0 |
_aArtists _b: their lives and works _c/ foreword by Ross King. |
| 250 | _aFirst American edition. | ||
| 264 | 1 |
_aNew York, New York : _bDK Publishing, _c[2017] |
|
| 264 | 4 | _c©2017 | |
| 300 |
_a360 pages : _billustrations (some color) ; _c31 cm |
||
| 500 | _aIncludes indexes. | ||
| 520 | _aExtraordinary reference book of over 80 famous painters, their lives, their loves, and their iconic paintings. This art book includes insightful biographies of artists accompanied with remarkable reproductions of their famous artworks. Begin with the early Renaissance and follow art movements through the centuries to some of the most well-known artists alive today. A gorgeous exploration of the defining people of the art world including pioneers such as Giotto and Jan van Eyck, the greats like Leonardo da Vinci and Raphael, and the visionaries like Frida Kahlo and Hokusai. The large format art book is overflowing with information and pictures of your favourite classics. The full-page prints are especially spectacular, allowing you to get the full effect of the work that inspired, defined, and encapsulated art movements. Over 500 years of the craft is discussed, with the chapters organised by century starting with "Before 1500" and ending with "1945 - Present". Each chapter features the relevant painters of those years with its own directory. Read about the historical context of art movements in sections which include timelines and fact panels giving incredible insight into the art world, the past lives of artists and their visions and techniques. Discover the unconventional stories of the artists' lives, including their influences, developments, friendships, loves, and rivalries. Read about the portraits that Holbein did for Henry VIII to play matchmaker, Caravaggio's astonishing reaction to a badly cooked artichoke, and the many romantic affairs of Picasso. Sometimes scandalous and often tumultuous, the lives of artists such as Raphael, Hogarth, van Gogh, O'Keeffe, Magritte, Warhol, and Kiefer are as interesting and captivating as their work. | ||
| 650 | 0 |
_aArtists _vBiography. |
|
| 650 | 0 |
_a Art _xHistory. |
|
| 700 |
_aKing, Ross, _d1962- _ewriter of foreword. |
||
| 942 | _2lcc | ||
| 999 |
_c4544 _d4544 |
||